00633cam a22002177a 4500003000500000005001700005008004100022010001000063011001000073035001000083040000900093082002100102100002800123245005100151250000900202260003800211300002200249490005400271650003600325830005400361CHAP20220329134629.0971013s1980 r 00010 d a23278 a24250 a28349 cCHAP a519.232bC4 198000aChatfield, Christopher.14aThe analysis of time seriesb: an introduction a2ed. aLondon :bChapman and Hall,c1980 a268 p.b; gráfs 0aMonographs and applied probability and statistics14aAnálisis de series de tiempo.0 aMonographs and applied probability and statistics